LEADER 01079nas 2200385 c 450 001 9910890909003321 005 20260218111348.0 035 $a(DE-599)ZDB2378142-7 035 $a(OCoLC)1021322597 035 $a(DE-101)984991786 035 $a(CKB)1000000000287342 035 $a(DE-599)2378142-7 035 $a(EXLCZ)991000000000287342 100 $a20070716a19989999 |y | 101 0 $aeng 135 $aur||||||||||| 181 $ctxt$2rdacontent 182 $cc$2rdamedia 183 $acr$2rdacarrier 200 00$aJapanese review of cultural anthropology$fJapanese Society of Cultural Anthropology 210 31$aTokyo$c[Verlag nicht ermittelbar]$d1998- 215 $aOnline-Ressource 300 $aGesehen am 11.12.17 608 $aZeitschrift$2gnd-content 676 $a100 676 $a570 686 $aBIODIV$qDE-30$2fid 686 $aPHILOS$qDE-12$2fid 801 0$b8999 801 1$bDE-101 801 2$b9999 906 $aJOURNAL 912 $a9910890909003321 996 $aJapanese review of cultural anthropology$92232522 997 $aUNINA